000 01116nam a22003610a 4500
001 PT27147
003 AR-LpoUNG
005 20210131233327.0
008 191001s2008||||bl |||||||||||||||||por d
020 _a9788506045497
_c$23,6
040 _aAR-LpoUNG
_bspa
_cAR-LpoUNG
_eaacr
041 _apor
_aspa
044 _abl
082 0 _aR469 126mic
100 1 _aLabraña Parra, Valeria Estefanía
245 1 0 _aMichaelis :
_bdicionário escolar espanhol : espanhol-português português-espanhol
250 _a1ra. ed., 2da. reimpr.
260 _aSão Paulo :
_bMelhoramentos,
_c2008.
300 _axx, 812 p. :
_bgráfs., tbls.
505 0 _aAcompañado por Conversação para viagem.
650 4 _aDICCIONARIOS
650 4 _aENSEÑANZA DE IDIOMAS
650 4 _aLENGUA ESPAÑOLA
650 4 _aLENGUA PORTUGUESA
650 4 _aMATERIAL DE REFERENCIA
651 4 _aDOCUMENTOS TEORICOS O METODOLOGICOS
653 _aDICCIONARIOS BILINGÜES
653 _aDICCIONARIOS DE PORTUGUES
700 1 _aDolinsky, Sandra Martha
700 1 _aMarques, Antonio Carlos
905 _a27147
942 _cLSALA
999 _c20099
_d20099